| 000 | 00871nam a2200205 a 4500 | ||
|---|---|---|---|
| 001 | 000047900 | ||
| 005 | 20201002060811.0 | ||
| 008 | 181002s2017 000 spa d | ||
| 020 | _a9789945909005 | ||
| 040 |
_aDO-SdBNP _bspa _cBNPHU |
||
| 082 |
_axx _bxx |
||
| 245 | 0 | 0 |
_aEconomía empírica : _b40 tesis sobre la República Dominicana / _ceditores Julio Andújar Scheker, Frank Fuentes Brito. |
| 246 | 1 | 3 | _aCuarenta tesis sobre la República Dominicana |
| 260 |
_aSanto Domingo : _bAmigo del Hogar, _c2017. |
||
| 300 |
_a552 p. ; _c26 cm. |
||
| 590 | _aInventariado, 2018/VM | ||
| 505 | 0 |
_aIntroducción -- _gSección 1 : _tMacroeconomía y crecimiento -- _gSección 2 : _tSector externo y balanza de pagos -- _gSección 3 : _tEducación -- _gSección 4 : _tMercado Laboral -- |
|
| 700 | 1 |
_aAndújar Scheker, Julio _eed. _975462 |
|
| 700 | 1 |
_aFuentes Brito ,Frank _eed. _967069 |
|
| 999 |
_c47388 _d47388 |
||